[Event "MCA Champions"]
[Site "Winnipeg"]
[Date "2014.11.25"]
[Round "3"]
[White "Raihman, Igal"]
[Black "Andraschko, Felix"]
[Result "0-1"]
[WhiteElo "1934"]
[BlackElo "2102"]
[PlyCount "58"]
[EventDate "2014.11.04"]
[EventType "swiss"]
[EventRounds "6"]
[EventCountry "CAN"]
[SourceTitle "EXT 2019"]
[Source "ChessBase"]
[SourceDate "2018.10.10"]
[SourceVersion "1"]
[SourceVersionDate "2018.10.10"]
[SourceQuality "1"]

1. e4 c5 2. Nf3 e6 3. d4 cxd4 4. Nxd4 a6 5. Nc3 Qc7 6. Be3 Bb4 7. Qd2 Nf6 8. f3 d5 9. Bd3 e5 10. Nde2 d4 11. Nxd4 exd4 12. Bxd4 Nc6 13. a3 Nxd4 14. axb4 0-0 15. Qe3 Nc6 16. b5 Nb4 17. e5 Re8 18. f4 Nxd3+ 19. cxd3 Bf5 20. h3 Rad8 21. d4 Qb6 22. 0-0 Nd5 23. Nxd5 Rxd5 24. bxa6 bxa6 25. g4 Bc8 26. Rfd1 Red8 27. Rd3 Bb7 28. f5 Qc6 29. Rc1 Rc5 0-1

[Event "Winnipeg TNT March op"]
[Site "Winnipeg"]
[Date "2014.03.11"]
[Round "2.4"]
[White "Reimer, Bruce"]
[Black "Raihman, Igal"]
[Result "0-1"]
[WhiteElo "1615"]
[BlackElo "1978"]
[PlyCount "82"]
[EventDate "2014.03.04"]
[EventType "swiss"]
[EventRounds "4"]
[EventCountry "CAN"]
[SourceTitle "EXT 2022"]
[Source "ChessBase"]
[SourceDate "2021.10.06"]
[SourceVersion "1"]
[SourceVersionDate "2021.10.06"]
[SourceQuality "1"]

1. c4 c5 2. g3 e6 3. Bg2 d5 4. cxd5 exd5 5. d4 Nf6 6. Nc3 Be6 7. Nf3 h6 8. 0-0 Nc6 9. Re1 Be7 10. b3 0-0 11. h3 Rc8 12. a4 cxd4 13. Nb5 Bb4 14. Bd2 Bc5 15. Rc1 Ne4 16. Rb1 Bf5 17. b4 Nxd2 18. Qxd2 Bxb1 19. Rxb1 Bxb4 20. Rxb4 Nxb4 21. Qxb4 Rc1+ 22. Kh2 Rc4 23. Qa3 Qa5 24. Nfxd4 Rxa4 25. Qb2 Rd8 26. e4 a6 27. Nf5 d4 28. Nbxd4 Raxd4 29. Nxd4 Qe5 30. Qxb7 Qxd4 31. Kg1 a5 32. Bf1 a4 33. Qc7 Qd6 34. Qa7 Qc6 35. Qa5 Rd1 36. Kg2 Qxe4+ 37. Kg1 Qd3 38. Qa8+ Kh7 39. Qg2 Rxf1+ 40. Qxf1 Qxf1+ 41. Kxf1 a3 0-1

[Event "Winnipeg TNT March op"]
[Site "Winnipeg"]
[Date "2014.03.04"]
[Round "1.4"]
[White "Raihman, Igal"]
[Black "Leaden, Bruce"]
[Result "0-1"]
[WhiteElo "1978"]
[BlackElo "1554"]
[PlyCount "54"]
[EventDate "2014.03.04"]
[EventType "swiss"]
[EventRounds "4"]
[EventCountry "CAN"]
[SourceTitle "EXT 2022"]
[Source "ChessBase"]
[SourceDate "2021.10.06"]
[SourceVersion "1"]
[SourceVersionDate "2021.10.06"]
[SourceQuality "1"]

1. e4 e6 2. d4 d5 3. exd5 exd5 4. Nf3 Nf6 5. Be2 Bb4+ 6. Bd2 Bxd2+ 7. Nbxd2 0-0 8. 0-0 Be6 9. Bd3 Nbd7 10. Re1 c5 11. c4 Qb6 12. cxd5 Bxd5 13. b3 Rfe8 14. Rxe8+ Rxe8 15. Nc4 Qc6 16. dxc5 Bxf3 17. gxf3 Nxc5 18. Bf1 Nh5 19. Rc1 Qg6+ 20. Kh1 Nf4 21. Nd6 Ncd3 22. Ne4 f5 23. Qd2 fxe4 24. Rc4 exf3 25. Rxf4 Nxf4 26. Qxf4 Qe4 27. Bc4+ Qxc4 0-1

[Event "Manitoba-ch qual"]
[Site "Winnipeg"]
[Date "2010.05.02"]
[Round "4.4"]
[White "Raihman, Igal"]
[Black "Melamedoff, Gustavo"]
[Result "1-0"]
[WhiteElo "1968"]
[BlackElo "1964"]
[PlyCount "91"]
[EventDate "2010.05.01"]
[EventType "swiss"]
[EventRounds "4"]
[EventCountry "CAN"]
[SourceTitle "EXT 2022"]
[Source "ChessBase"]
[SourceDate "2021.10.06"]
[SourceVersion "1"]
[SourceVersionDate "2021.10.06"]
[SourceQuality "1"]

1. e4 e5 2. Nf3 Nc6 3. Bb5 a6 4. Bxc6 dxc6 5. 0-0 Qd6 6. b3 Bg4 7. Bb2 f6 8. h3 Bh5 9. d3 0-0-0 10. Nbd2 g5 11. Nc4 Qd7 12. Nfxe5 Bxd1 13. Nxd7 Bxc2 14. Nxf6 Bg7 15. Nxg8 Bxb2 16. Nxb2 Rhxg8 17. Rac1 Bxd3 18. Nxd3 Rxd3 19. Rfd1 Rgd8 20. Rxd3 Rxd3 21. Rc2 Rd1+ 22. Kh2 Kd7 23. Kg3 b6 24. Kg4 h6 25. Kh5 Rd6 26. h4 gxh4 27. Kxh4 Ke6 28. f4 c5 29. Kh5 Kf7 30. e5 Rc6 31. f5 b5 32. e6+ Ke7 33. Kg6 c4 34. Kg7 Rc5 35. f6+ Kxe6 36. Re2+ Kd6 37. f7 Rf5 38. f8Q+ Rxf8 39. Kxf8 c3 40. Re3 b4 41. Re4 a5 42. g4 c5 43. Kg7 a4 44. Kxh6 Kd5 45. Rc4 c2 46. Rxc2 1-0

[Event "Winnipeg TNT July op"]
[Site "Winnipeg"]
[Date "2009.07.28"]
[Round "4"]
[White "Raihman, Igal"]
[Black "Swift, Ryne"]
[Result "1/2-1/2"]
[WhiteElo "1880"]
[BlackElo "1737"]
[PlyCount "120"]
[EventDate "2009.07.07"]
[EventType "swiss"]
[EventRounds "4"]
[EventCountry "CAN"]
[SourceTitle "EXT 2011"]
[Source "ChessBase"]
[SourceDate "2010.11.26"]
[SourceVersion "1"]
[SourceVersionDate "2010.11.26"]
[SourceQuality "1"]

1. e4 e5 2. Nf3 Nc6 3. Bb5 a6 4. Bxc6 dxc6 5. 0-0 Bd6 6. d4 exd4 7. Qxd4 f6 8. h3 Ne7 9. Rd1 Be6 10. Nc3 0-0 11. e5 Bxe5 12. Qe3 Qe8 13. Nxe5 fxe5 14. Qxe5 Nd5 15. Re1 Bf7 16. Bd2 Qxe5 17. Rxe5 Rae8 18. Rae1 Rxe5 19. Rxe5 Re8 20. Rxe8+ Bxe8 21. Nxd5 cxd5 22. b4 Bb5 23. c3 Kf7 24. f4 Kf6 25. Kf2 c6 26. g4 h6 27. h4 h5 28. gxh5 Kf5 29. Be3 a5 30. a3 axb4 31. cxb4 Ke4 32. f5 Kxf5 33. Bd4 Kg4 34. Bxg7 Kxh5 35. Bf6 Kg6 36. Bd4 Kh5 37. Kg3 Ba4 38. Bf2 Kg6 39. Kf4 Kf6 40. Bd4+ Ke6 41. h5 Bc2 42. h6 b5 43. Ke3 Bh7 44. Bg7 Ke7 45. Kd4 Ke6 46. Kc5 Kd7 47. Kd4 Kd6 48. Kc3 Kc7 49. Kb3 Kb6 50. Bd4+ Kc7 51. a4 bxa4+ 52. Kxa4 Kb7 53. Kb3 Kc7 54. Kc3 Kd6 55. Bg7 Kd7 56. Kd4 Ke6 57. Kc5 Kd7 58. b5 cxb5 59. Kxd5 Ke7 60. Ke5 Kf7 1/2-1/2

[Event "Winnipeg Yanofsky Memorial"]
[Site "Winnipeg"]
[Date "2007.08.31"]
[Round "1"]
[White "Raihman, Igal"]
[Black "Melamedoff, Gustavo"]
[Result "0-1"]
[WhiteElo "1782"]
[BlackElo "1975"]
[PlyCount "108"]
[EventDate "2007.08.31"]
[EventType "swiss"]
[EventRounds "5"]
[EventCountry "CAN"]
[SourceTitle "EXT 2022"]
[Source "ChessBase"]
[SourceDate "2021.10.06"]
[SourceVersion "1"]
[SourceVersionDate "2021.10.06"]
[SourceQuality "1"]

1. e4 c6 2. d4 d5 3. exd5 cxd5 4. c4 Nf6 5. Nc3 g6 6. Nf3 Bg7 7. Qb3 0-0 8. cxd5 Nbd7 9. Bf4 Nb6 10. d6 Be6 11. Qa3 exd6 12. Qxd6 Nfd5 13. Qxd8 Rfxd8 14. Bg5 f6 15. Nxd5 Bxd5 16. Be3 Bxf3 17. gxf3 f5 18. 0-0-0 f4 19. Bxf4 Bxd4 20. Rd2 Rac8+ 21. Kb1 Bxf2 22. Bh3 Rxd2 23. Be6+ Kf8 24. Bxc8 Re2 25. Bxb7 Bd4 26. Bc1 Na4 27. Ba6 Rf2 28. h4 Bxb2 29. Bxb2 Rxb2+ 30. Ka1 Rf2 31. Rc1 Rxf3 32. Rc8+ Kg7 33. Bb5 Rc3 34. Rxc3 Nxc3 35. Bc6 Kh6 36. Kb2 Nxa2 37. Kxa2 Kh5 38. Kb2 Kxh4 39. Kc2 Kg3 40. Be4 Kf4 41. Bd3 Kg5 42. Kd2 h5 43. Ke2 Kf6 44. Kf3 g5 45. Kg3 a5 46. Bb5 Ke5 47. Be8 h4+ 48. Kg4 Kd6 49. Ba4 Kc5 50. Bc2 Kb4 51. Kxg5 h3 52. Kg4 h2 53. Be4 a4 54. Kg3 a3 0-1

[Event "Winnipeg TNT Aug op"]
[Site "Winnipeg"]
[Date "2007.08.14"]
[Round "2"]
[White "Lauritson, Jim"]
[Black "Raihman, Igal"]
[Result "1-0"]
[WhiteElo "1934"]
[BlackElo "1971"]
[PlyCount "71"]
[EventDate "2007.08.07"]
[EventType "swiss"]
[EventRounds "4"]
[EventCountry "CAN"]
[SourceTitle "EXT 2019"]
[Source "ChessBase"]
[SourceDate "2018.10.10"]
[SourceVersion "1"]
[SourceVersionDate "2018.10.10"]
[SourceQuality "1"]

1. d4 Nf6 2. c4 e6 3. Nf3 c5 4. d5 b5 5. cxb5 exd5 6. e3 Bb7 7. Nc3 Bd6 8. Be2 Bc7 9. 0-0 a6 10. b3 Qe7 11. Bb2 Qd6 12. g3 h5 13. h4 Ng4 14. Qd2 Rh6 15. Rad1 Nf6 16. Ng5 Qe7 17. Bf3 axb5 18. Nxb5 Ba5 19. Bc3 Bxc3 20. Nxc3 Ne4 21. Bxe4 dxe4 22. Nb5 d5 23. Nc3 Rd6 24. Ngxe4 Rd8 25. Ng5 Qd7 26. Qc2 Qc6 27. Qh7 Qf6 28. Nce4 Qe7 29. Qg8+ Kd7 30. Qxf7 Qxf7 31. Nxf7 Rf8 32. Nxc5+ Kc6 33. Nxb7 Kxb7 34. Ng5 Rf5 35. a4 Nd7 36. e4 1-0